000 01614nam a2200301 a 4500
001 000043555
005 20240516134500.0
008 140325s2011 dr dg 000 0 spa d
020 _a9789945412451
040 _aDO-SdBNP
_bspa
_cBNPHU
082 _assss
_bssss
100 1 _aCoscione, Marco
_971224
245 1 0 _aComercio Justo en la República Dominicana :
_bCafé, Cacao y Banano /
_cMarco Coscione ; prólogo Fátima Portorreal.
260 _aSanto Domingo :
_bFUNGODE,
_c2011.
300 _a454 p. :
_bil., gráf., mapas ;
_c28 cm.
490 1 _aDesarrollo sostenible
500 _aIncluye datos biográficos del autor en la solapa de la cubierta
504 _aBibliografía : p. 441-454
504 _aIncluye referencias bibliográficas y notas al pie de las páginas
505 0 _gCapítulo 1
_tLa República Dominicana y los objetivos de desarrollo del milenio --
_gCapítulo 2
_tCafé cacao y banano en el mundo y en la República Dominicana --
_gCapítulo 3
_tEl movimiento mundial por un comercio con justicia --
_gCapítulo 4
_tExperiencias de comercio justo en la República Dominicana: café, cacao y banano --
_gCapítulo 5
_tLos criterios del comercio justo y los objetivos de desarrollo del milenio
650 4 _aRepública dominicana
_xComercio
_971348
650 4 _aIndustria del café
_zRepública Dominicana
_9296
650 4 _aIndustria del café
_xAspectos económicos
_zRepública Dominicana
_971349
650 0 _aComercio internacional
_910367
700 1 2 _aPortorreal, Fátima,
_epról.
_971350
710 2 _aFundación Global y Desarrollo
_971351
830 0 _aDesarrollo sostenible
_971227
999 _c43044
_d43044